[Event "It"]
[Site "Pila (Slovakia)"]
[Round "6"]
[White "Rashkovsky Nukhim N (RUS)"]
[Black "Nesterov Jakov (KAZ)"]
[Result "1-0"]
[WhiteElo "2515"]
[BlackElo "2448"]

1.d4 d6 2.Nf3 Bg4 3.g3 Bxf3 4.exf3 e6 5.f4 c6 6.Bd3 Ne7 7.Nd2 g6 8.Nf3 Bg7
9.Kf1 Nd7 10.Kg2 a6 11.c3 c5 12.dxc5 Nxc5 13.Bc2 Qc7 14.Re1 O-O 15.Be3 Nd7
16.h4 Nf6 17.Bd4 Nc6 18.Bxf6 Bxf6 19.h5 b5 20.hxg6 hxg6 21.Ng5 Bxg5 22.fxg5 d5
23.Qf3 Nb8 24.Rh1 Qe5 25.Rh6 Nd7 26.Rah1 {#r} 1-0

[Event "It"]
[Site "Baden-Baden (Germany)"]
[Round "0"]
[White "Bischoff Klaus (GER)"]
[Black "Hickl Joerg (GER)"]
[Result "0-1"]
[WhiteElo "2510"]
[BlackElo "2540"]

1.d4 d6 2.Nf3 Bg4 3.g3 Bxf3 4.exf3 e6 5.f4 c6 6.Bg2 g6 7.O-O Bg7 8.a4 Ne7
9.Nd2 Nd7 10.Nc4 Qc7 11.c3 O-O 12.h4 Rad8 13.Qe2 h5 14.Bh3 Rfe8 15.Re1 Nf6
16.Bd2 Nf5 17.Qd3 b6 18.Bg2 c5 19.dxc5 bxc5 20.b4 Ng4 21.Rac1 d5 22.Na5 Qb6
23.Rf1 Rc8 24.Rb1 cxb4 25.cxb4 Bd4 26.Be1 Rc3 {#R} 0-1

[Event "Ch Great Britain"]
[Site "Great Britain"]
[Round "0"]
[White "Forbes Cathy (ENG)"]
[Black "Mortazavi Ali (ENG)"]
[Result "0-1"]
[WhiteElo "2125"]
[BlackElo "2320"]

1.d4 d6 2.Nf3 Bg4 3.c4 Nd7 4.Nc3 g6 5.h3 Bxf3 6.exf3 Bg7 7.Be3 e6 8.Be2 Ne7
9.g4 O-O 10.Qd3 d5 11.cxd5 Nxd5 12.Nxd5 exd5 13.h4 Re8 14.h5 Rc8 15.hxg6 hxg6
16.Kf1 Nf8 17.f4 c5 18.f5 cxd4 19.Bxd4 Rxe2 20.Qxe2 Bxd4 21.fxg6 Nxg6 22.Rd1
Bg7 23.Qd2 d4 24.Rh5 Qf6 25.Qd3 Re8 26.Qb5 Qe6 27.Rf5 a6 28.Qb3 Qe2+ {#R} 0-1

[Event "It (open)"]
[Site "Eger (Hungary)"]
[Round "6"]
[White "Sleisz Tamas (HUN)"]
[Black "Borsos Bogdan (UKR)"]
[Result "0-1"]
[WhiteElo "2236"]
[BlackElo "2243"]

1.d4 d6 2.c4 e5 3.d5 f5 4.Nc3 Nf6 5.Qc2 Be7 6.Bd2 O-O 7.f3 Na6 8.a3 c6 9.e4
fxe4 10.fxe4 cxd5 11.cxd5 Ng4 12.Nh3 Bh4+ 13.g3 Nxh2 14.O-O-O Nxf1 15.gxh4
Bxh3 16.Rxh3 Rf2 17.Kb1 Qd7 18.Rh1 Ne3 19.Qd3 Nxd1 20.Nxd1 Nc5 21.Qg3 {#R} 0-1

[Event "It (open)"]
[Site "Munich (Germany)"]
[Round "0"]
[White "Romanishin Oleg M (UKR)"]
[Black "Kindermann Stefan (AUT)"]
[Result "1-0"]
[WhiteElo "2615"]
[BlackElo "2512"]

1.d4 d6 2.g3 e5 3.dxe5 dxe5 4.Qxd8+ Kxd8 5.Nc3 Be6 6.f4 Nd7 7.Nf3 f6 8.fxe5
Nxe5 9.Bf4 Ng6 10.O-O-O+ Kc8 11.Be3 N8e7 12.Nd4 Bd7 13.Ndb5 Nc6 14.Rxd7 Kxd7
15.Bh3+ Kd8 16.Rd1+ Bd6 17.Nxd6 cxd6 18.Rxd6+ Ke8 19.Rd7 Nge7 20.Rxb7 Kf7
21.Nd5 Rhd8 22.c4 Rab8 23.Rc7 Ke8 24.Nxe7 Nxe7 25.Bxa7 Ra8 26.Bc5 {#r} 1-0

[Event "It (cat.5)"]
[Site "Policka (Czech Republic)"]
[Round "0"]
[White "Vasilchenko Oleg (RUS)"]
[Black "Hausner Ivan (CZE)"]
[Result "1-0"]
[WhiteElo "2405"]
[BlackElo "2331"]

1.d4 d6 2.Nf3 Bg4 3.g3 Qc8 4.h3 Bxf3 5.exf3 d5 6.Be3 e6 7.Bd3 Bd6 8.Qe2 Ne7
9.Nd2 Nd7 10.f4 c5 11.c4 cxd4 12.Bxd4 O-O 13.Rc1 Nc6 14.Bxg7 Kxg7 15.cxd5 exd5
16.Qg4+ Kh8 17.Qf5 Kg7 18.Qxh7+ Kf6 19.Qh4+ {#r} 1-0

[Event "It (open) "]
[Site "Nethanya (Israel)"]
[Round "9"]
[White "D'Israel Davy (ARG)"]
[Black "Oratovsky Michael (ISR)"]
[Result "0-1"]
[WhiteElo "2123"]
[BlackElo "2498"]

1.d4 d6 2.c4 e5 3.Nf3 e4 4.Ng5 f5 5.g3 c6 6.Bg2 Be7 7.Nh3 Nf6 8.O-O Nbd7 9.Nc3
Nb6 10.b3 d5 11.cxd5 Nbxd5 12.Na4 O-O 13.Bb2 h6 14.Qc1 g5 15.f3 e3 16.Nc5 f4
17.Qc2 Qe8 18.gxf4 gxf4 19.Nd3 Bf5 20.Qd1 Bd6 21.Kh1 Qh5 22.Ne5 Kh7 23.Rg1 Rg8
24.Bf1 Bxe5 25.dxe5 Ne4 {#R} 0-1

[Event "It (open)"]
[Site "Douai (Hungary)"]
[Round "1"]
[White "Boudrenghien Francois (FRA)"]
[Black "Ikonnikov Vyacheslav (RUS)"]
[Result "0-1"]
[WhiteElo "2061"]
[BlackElo "2521"]

1.d4 d6 2.c4 e5 3.dxe5 dxe5 4.Qxd8+ Kxd8 5.Nf3 f6 6.Nc3 Be6 7.e3 Nd7 8.b3 c6
9.Bb2 Be7 10.O-O-O Kc7 11.Rg1 Nh6 12.Be2 g5 13.Nd2 Nf7 14.Rgf1 g4 15.f4 gxf3
16.gxf3 Bc5 17.f4 Bh3 18.Rf3 Bg4 19.Rg3 Bxe2 20.Nxe2 Nd6 21.Nc3 Nf5 22.Nde4
Bxe3+ 23.Rxe3 Nxe3 {#R} 0-1

[Event "It (open)"]
[Site "Silvaplana (Switzerland)"]
[Round "0"]
[White "Patuzzo Fabricio (SUI)"]
[Black "Brunner Werner (SUI)"]
[Result "0-1"]
[WhiteElo "2296"]
[BlackElo "2017"]

1.d4 d6 2.Nf3 Bg4 3.Bg5 c6 4.Nbd2 h6 5.Bh4 g5 6.Bg3 Nf6 7.h4 Nh5 8.Ne4 f5
9.Nh2 fxe4 10.Nxg4 Nxg3 11.fxg3 Bg7 12.e3 Nd7 13.Be2 Qa5+ 14.c3 O-O-O 15.Qc2
d5 16.Kd2 h5 17.Nf2 g4 18.b4 Qc7 19.c4 e5 20.cxd5 cxd5 21.Qb3 Qd6 22.Rac1+ Kb8
23.dxe5 Qxe5 24.b5 d4 25.Rc4 dxe3+ 26.Qxe3 Bh6 {#R} 0-1

[Event "Tournament"]
[Site "Aarhus (Denmark)"]
[Round "3"]
[White "Cole Roland (ENG)"]
[Black "Hoiberg Nina (DEN)"]
[Result "1-0"]
[WhiteElo "2230"]
[BlackElo "2213"]

1.d4 d6 2.c4 e5 3.dxe5 dxe5 4.Qxd8+ Kxd8 5.Nc3 c6 6.g3 Be6 7.b3 Nd7 8.Nf3 f6
9.Bg2 Kc7 10.O-O h5 11.Bb2 g5 12.Rfd1 h4 13.Nd2 Nh6 14.Rac1 Rd8 15.Nde4 hxg3
16.hxg3 Nf7 17.Nd5+ Bxd5 18.cxd5 c5 19.b4 b6 20.bxc5 bxc5 21.Ba3 Kb6 22.Rb1+
Ka6 23.e3 c4 24.Bxf8 Rdxf8 25.Rdc1 Rc8 26.Rc3 Nb6 27.d6 Rc6 28.Ra3+ {#r} 1-0

[Event "Ch City"]
[Site "Aarhus (Denmark)"]
[Round "5"]
[White "Abildlund Jens (DEN)"]
[Black "Hoiberg Nina (DEN)"]
[Result "1-0"]
[WhiteElo "2187"]
[BlackElo "2213"]

1.d4 d6 2.Nf3 g6 3.g3 Bg7 4.Bg2 e5 5.dxe5 dxe5 6.Qxd8+ Kxd8 7.O-O c6 8.Nc3 Ke7
9.e4 Nd7 10.b3 f6 11.Ba3+ Kf7 12.Rad1 Ne7 13.Nh4 Re8 14.f4 exf4 15.gxf4 f5
16.e5 Nb6 17.Nf3 h6 18.Ne2 Nbd5 19.Rd3 g5 20.fxg5 f4 21.gxh6 Bxh6 22.Nfd4 Ng6
23.Bd6 Bg4 24.Bf3 Bh3 25.Bxd5+ {#r} 1-0

[Event "It"]
[Site "Bojnice (Slovakia)"]
[Round "0"]
[White "Hanko Pavol (SVK)"]
[Black "Priehoda Vitezslav (CZE)"]
[Result "0-1"]
[WhiteElo "2144"]
[BlackElo "2365"]

1.d4 d6 2.Nf3 Bg4 3.c4 Nd7 4.e4 e5 5.d5 g6 6.h3 Bxf3 7.Qxf3 Bg7 8.Bd3 h5 9.Nc3
a6 10.Be3 Bh6 11.O-O Qf6 12.Qe2 h4 13.b4 Bxe3 14.fxe3 Qe7 15.Na4 Ngf6 16.c5
Nh5 17.Qf3 Ng3 18.Rf2 f5 19.exf5 e4 20.Qg4 Ne5 {#R} 0-1

[Event "Staatsliga"]
[Site "Vienna (Austria)"]
[Round "6"]
[White "Hoelzl Franz (AUT)"]
[Black "Jansa Vlastimil (CZE)"]
[Result "0-1"]
[WhiteElo "2327"]
[BlackElo "2456"]

1.d4 d6 2.g3 g6 3.Bg2 Bg7 4.e4 Nf6 5.Ne2 O-O 6.O-O Nbd7 7.h3 e5 8.Be3 c6
9.Nbc3 b5 10.a3 Bb7 11.g4 a5 12.Ng3 b4 13.Nce2 d5 14.dxe5 Nxe5 15.Bc5 Re8
16.axb4 axb4 17.Rxa8 Qxa8 18.exd5 cxd5 19.g5 Ne4 20.Bd4 Ba6 21.Re1 Nxg5
22.Bxe5 Rxe5 23.f4 Bxe2 24.Nxe2 Qa7+ 25.Kh1 Ne4 26.Kh2 Re8 27.Qxd5 Qf2 28.Ra1
Nf6 {#R} 0-1

[Event "Ch World (juniors) (under 20)"]
[Site "Buenos Aires (Argentina)"]
[Round "0"]
[White "Littke Adam (CAN)"]
[Black "Rocha Sergio (POR)"]
[Result "1-0"]
[WhiteElo "2310"]
[BlackElo "2383"]

1.d4 d6 2.c4 e5 3.dxe5 Nc6 4.exd6 Bxd6 5.Nf3 Bg4 6.Nc3 Nf6 7.Bg5 h6 8.Bh4 Qe7
9.Bxf6 Qxf6 10.Qb3 O-O-O 11.O-O-O Bc5 12.Nd5 Qf5 13.e4 Qh5 14.Be2 Rhe8 15.Nf4
Bxf3 16.Nxh5 Bxe2 17.Rxd8+ Rxd8 18.Nf4 Bg4 19.Qg3 Bd7 20.Ne2 Be6 21.Rd1 Nd4
22.Nxd4 Bxd4 23.b3 g5 24.c5 f5 25.exf5 Bxf5 26.Rxd4 {#r} 1-0

[Event "It (open)"]
[Site "Aegina (Greece)"]
[Round "6"]
[White "Nikolaidis Ioannis (GRE)"]
[Black "Miles Anthony J (ENG)"]
[Result "0-1"]
[WhiteElo "2561"]
[BlackElo "2565"]

1.d4 d6 2.Bg5 h6 3.Bh4 Nd7 4.e4 Ngf6 5.Nd2 e5 6.c3 Be7 7.dxe5 Nxe5 8.Ngf3 Ng6
9.Bg3 O-O 10.Qc2 Nh5 11.O-O-O Bg4 12.Re1 Bf6 13.Nd4 Re8 14.f3 c5 15.N4b3 Nxg3
16.hxg3 Be6 17.f4 a5 18.a4 Bd7 19.Bc4 Bxa4 20.Qd3 b5 21.Bd5 c4 22.Qf3 Bxb3
23.Qh5 Kf8 24.g4 Ra7 25.Rhf1 a4 26.g5 a3 27.Nxb3 Nxf4 28.Rxf4 Bxg5 {#R} 0-1

[Event "Ch Romania (team)"]
[Site "Romania"]
[Round "0"]
[White "Negulescu Adrian (ROM)"]
[Black "Sheremetieva Marina (MDA)"]
[Result "0-1"]
[WhiteElo "2395"]
[BlackElo "2283"]

1.d4 d6 2.c4 e5 3.d5 f5 4.Nc3 Nf6 5.g3 Be7 6.Bg2 O-O 7.Nh3 Qe8 8.O-O f4 9.Ng5
Na6 10.gxf4 exf4 11.Ne6 Bxe6 12.dxe6 Ng4 13.h3 Ne5 14.Bxb7 f3 15.exf3 Rb8
16.Be4 Nc5 17.f4 Nxc4 18.Qe2 Nb6 19.Kh2 Kh8 20.Bf3 Rf6 21.Bg4 d5 22.f5 Bd6+
23.Kh1 h6 24.b3 d4 25.Nb5 d3 26.Qd2 Qxb5 27.Bb2 Nc4 {#R} 0-1

[Event "Ch World (team) (under 26)"]
[Site "Parana (Argentina)"]
[Round "4"]
[White "Guliev Sarhan (AZE)"]
[Black "Chabanon Jean-Luc (FRA)"]
[Result "1-0"]
[WhiteElo "2416"]
[BlackElo "2415"]

1.d4 d6 2.Nf3 Bg4 3.g3 Bxf3 4.exf3 g6 5.Bh3 Bg7 6.O-O d5 7.Re1 Nc6 8.c3 e6
9.f4 Nge7 10.Nd2 O-O 11.Nf3 b6 12.Bf1 Na5 13.h4 c5 14.h5 Nf5 {#r} 1-0

[Event "It (open)"]
[Site "Bad Ragaz (Switzerland)"]
[Round "0"]
[White "Huss Andreas (SUI)"]
[Black "Rauber Dominik (LIE)"]
[Result "1-0"]
[WhiteElo "2339"]
[BlackElo "2070"]

1.d4 d6 2.Nf3 Bg4 3.e3 Nf6 4.Be2 Nbd7 5.c4 c6 6.Nc3 d5 7.cxd5 cxd5 8.Qb3 Bxf3
9.Bxf3 Nb6 10.a4 e6 11.a5 Nc4 12.Qxb7 a6 13.Qc6+ Nd7 14.e4 Bb4 15.exd5 Nxa5
16.Qa4 Rb8 17.dxe6 fxe6 18.O-O O-O 19.Bg4 Re8 20.Re1 Nf8 21.Bf4 Rb6 22.Bc7
{#r} 1-0

[Event "It"]
[Site "Rostov on Don (Russia)"]
[Round "9"]
[White "Lputian Smbat G (ARM)"]
[Black "Epishin Vladimir (GER)"]
[Result "0-1"]
[WhiteElo "2565"]
[BlackElo "2655"]

1.d4 d6 2.c4 e5 3.Nf3 e4 4.Ng1 h6 { ?! } 5.Nc3 Nf6 6.e3 { ! } 6...c6 7.Nge2
Bf5 8.Ng3 Bg6 9.f3 d5 10.cxd5 ( 10.Qb3 Qb6 11.cxd5 Qxb3 12.axb3 cxd5 13.Nb5
Kd7 14.Rxa7 Rxa7 15.Nxa7 Nc6 16.Nxc6 bxc6 { ? } ) 10...exf3 { ! } 11.gxf3 (
11.dxc6 fxg2 12.cxb7 gxh1=Q 13.Nxh1 Nbd7 14.bxa8=Q Qxa8 { 8 } ) 11...cxd5
12.Bd3 { ! } 12...Bxd3 13.Qxd3 Nc6 14.Bd2 Rc8 15.O-O ( 15.O-O-O { !? } 15...g6
16.Kb1 Bg7 17.f4 O-O 18.f5 Ne7 19.Rhf1 Rc6 { 8 } ) 15...g6 16.e4 dxe4 { ? }
17.fxe4 Bc5 { ? } 18.Kh1 Bxd4 19.Rad1 { ? } ( 19.Qf3 Ne5 { ! } 20.Qxf6 Qxf6
21.Rxf6 Nc4 { ? } ) 19...Ng4 { ! } 20.Qe2 Qh4 21.Rf4 { ?! } ( 21.Be1 Be5 { ! }
) 21...h5 22.Nb5 O-O { ! -?+ } 23.Nxd4 Nxd4 24.Qg2 Rc2 25.e5 Ne6 26.Rb4 a5
27.Re4 Rd8 28.h3 Rd3 { } {#R} 0-1

[Event "Ch World (team) (under 26)"]
[Site "Parana (Argentina)"]
[Round "4"]
[White "Wians Camille (LUX)"]
[Black "Rocha Sergio (POR)"]
[Result "0-1"]
[WhiteElo "2143"]
[BlackElo "2383"]

1.d4 d6 2.Nf3 Bg4 3.Nbd2 Nd7 4.h3 Bh5 5.c3 e5 6.Qb3 Qb8 7.e3 Ngf6 8.g4 Bg6
9.Bg2 c6 10.Nc4 Qc7 11.dxe5 Nc5 12.exd6 Nxb3 13.dxc7 Nxa1 14.Nfe5 Bb1 15.g5
Nd5 16.e4 Nxc7 17.b4 Bxa2 {#R} 0-1

[Event "Ch Portugal (team)"]
[Site "Portugal"]
[Round "0"]
[White "Alexandre Jorge (POR)"]
[Black "Leonardo Joao (POR)"]
[Result "0-1"]
[WhiteElo "2250"]
[BlackElo "2246"]

1.d4 d6 2.c4 e5 3.dxe5 Nc6 4.Nc3 Nxe5 5.e4 g6 6.Be2 Bg7 7.Be3 Nf6 8.f3 O-O
9.Qd2 Be6 10.b3 c6 11.Rd1 Qa5 12.Na4 Qxd2+ 13.Rxd2 Rfd8 14.h3 d5 15.cxd5 cxd5
16.Nc5 b6 17.Nxe6 fxe6 18.exd5 Nxd5 19.Kf2 Bf8 20.f4 Nf7 21.Bc4 Nd6 22.Bxd5
exd5 23.Rc2 d4 24.Bc1 d3 25.Rc6 d2 {#R} 0-1

[Event "It"]
[Site "Kecskemet (Hungary)"]
[Round "0"]
[White "Groszpeter Attila (HUN)"]
[Black "Vadasz Laszlo (HUN)"]
[Result "1-0"]
[WhiteElo "2515"]
[BlackElo "2400"]

1.d4 d6 2.Nf3 Bg4 3.c4 g6 4.Qb3 b6 5.h3 Bxf3 6.Qxf3 Nd7 7.Nc3 Bg7 8.Nb5 c6
9.Qxc6 Rc8 10.Qb7 Rxc4 11.e3 Rc8 12.Qxa7 Ngf6 13.Bd3 O-O 14.O-O Nd5 15.Qa4 f5
16.Qb3 Nf6 17.Nc3 {#r} 1-0

[Event "It (blitz)"]
[Site "Moscow (Russia)"]
[Round "0"]
[White "Polgar Zsuzsa (USA)"]
[Black "Epishin Vladimir (GER)"]
[Result "0-1"]
[WhiteElo "2545"]
[BlackElo "2655"]

1.d4 d6 2.Nf3 Bg4 3.c4 Bxf3 4.exf3 Nd7 5.Nc3 g6 6.Be2 Bg7 7.O-O e6 8.d5 e5
9.f4 exf4 10.Bxf4 Ngf6 11.Qd2 O-O 12.b4 Re8 13.Bf3 a5 14.a3 Nb6 15.Qd3 Nfd7
16.h3 axb4 17.axb4 Rxa1 18.Rxa1 Qf6 19.Bd2 Ne5 20.Qe2 Nbxc4 21.Be1 Nxf3+
22.Qxf3 Qxf3 23.gxf3 b5 24.Kf1 Rxe1+ 25.Rxe1 Bxc3 26.Re7 Bxb4 27.Rxc7 {#R} 0-1

[Event "It (open)"]
[Site "Bratislava (Slovakia)"]
[Round "2"]
[White "Lobach Pavel V (RUS)"]
[Black "Novak Ivan (SVK)"]
[Result "1-0"]
[WhiteElo "2309"]
[BlackElo "2187"]

1.d4 d6 2.c4 e5 3.d5 Be7 4.e4 a5 5.Bd3 Na6 6.Ne2 Bg5 7.Nbc3 Nh6 8.Ng3 O-O
9.O-O Bg4 10.f3 Bd7 11.Nf5 Nxf5 12.exf5 Nc5 13.Bc2 Bxc1 14.Rxc1 Qg5 15.g4 h5
16.Kh1 hxg4 17.fxg4 c6 18.Be4 Rac8 19.Qf3 Rfe8 20.Rcd1 cxd5 21.Bxd5 e4 22.Qg3
e3 23.Rfe1 Qe7 24.Re2 Bc6 25.Rd4 Qf6 26.Qf4 Qh4 27.Kg2 Re5 28.Qg3 Qe7 {#r} 1-0

[Event "It (active)"]
[Site "Oviedo (Spain)"]
[Round "0"]
[White "Sherbakov Ruslan (RUS)"]
[Black "Gonzalez Valero Julio (ESP)"]
[Result "1-0"]
[WhiteElo "2580"]
[BlackElo "2245"]

1.d4 d6 2.Nf3 Bg4 3.e4 Nf6 4.Nc3 e6 5.h3 Bxf3 6.Qxf3 c6 7.d5 Nbd7 8.dxe6 fxe6
9.Qg3 Qb6 10.Bd3 Ne5 11.O-O O-O-O 12.Rb1 Qc7 13.f4 Nxd3 14.cxd3 g6 15.Be3 d5
16.Qf2 b6 17.Rfc1 Kb7 18.e5 d4 19.Bxd4 Nh5 20.b4 Be7 21.Be3 Rhf8 22.Qd2 Ng3
23.Nb5 Qd7 24.Nd4 Rc8 25.Rc4 Rfd8 26.Rbc1 {#r} 1-0

[Event "It (open)"]
[Site "Bad Woerishofen (Germany)"]
[Round "8"]
[White "Knopp Ingmar (GER)"]
[Black "Pauli Axel (GER)"]
[Result "0-1"]
[WhiteElo "2061"]
[BlackElo "2120"]

1.d4 d6 2.g3 e5 3.dxe5 dxe5 4.Qxd8+ Kxd8 5.Nc3 c6 6.Bg5+ f6 7.O-O-O+ Kc7 8.Bd2
Be6 9.e4 Bc5 10.f4 Nd7 11.Nf3 b5 12.fxe5 fxe5 13.Be2 Ngf6 14.Ng5 Bg8 15.Rhf1
h6 16.Nf3 Be6 17.Nh4 Bh3 18.Rf3 Bd4 19.Ng6 Rhe8 20.Rd3 Nc5 21.Rf3 Bg2 22.Rf5
Ncxe4 23.Bf4 exf4 24.Rxd4 Nxc3 25.bxc3 Rxe2 26.Nxf4 Re1+ 27.Kb2 Bd5 {#R} 0-1

[Event "Ch Spain (team)"]
[Site "Spain"]
[Round "0"]
[White "Medina Jose (ESP)"]
[Black "Bermejo Collado Julian (ESP)"]
[Result "0-1"]
[WhiteElo "2062"]
[BlackElo "2316"]

1.d4 d6 2.c4 e5 3.dxe5 dxe5 4.Qc2 Nc6 5.e3 g6 6.a3 Bg7 7.Nc3 Nf6 8.Bd2 O-O
9.O-O-O Bf5 10.e4 Nd4 11.Qd3 Be6 12.Kb1 Nd7 13.h4 Nb6 14.Nd5 c6 15.Nxb6 axb6
16.h5 b5 17.cxb5 Nxb5 18.Qg3 Qb6 19.Bxb5 Qxb5 20.Nh3 Rfd8 21.Bc1 Bc4 22.Rxd8+
Rxd8 23.hxg6 hxg6 24.Ng5 Bd3+ 25.Ka1 Ra8 26.Bd2 Qb3 27.Bb4 {#R} 0-1

[Event "Ch Romania (team)"]
[Site "Romania"]
[Round "0"]
[White "Levin Felix (GER)"]
[Black "Bogdan Dan (ROM)"]
[Result "1-0"]
[WhiteElo "2480"]
[BlackElo "2420"]

1.d4 d6 2.Nf3 Bg4 3.c4 Bxf3 4.gxf3 g6 5.f4 Nd7 6.Bg2 Rb8 7.Nc3 c5 8.dxc5 dxc5
9.Qa4 Bg7 10.O-O Nf6 11.Rd1 O-O 12.e4 e5 13.fxe5 b5 14.cxb5 Ng4 15.h3 Ngxe5
16.f4 Qh4 17.fxe5 Bxe5 18.Ne2 f5 19.Qc4+ Kh8 20.Bf4 Bxf4 21.Nxf4 Ne5 22.Qc3
Rbe8 23.Nd3 {#r} 1-0

[Event "Olympiad"]
[Site "Moscow (Russia)"]
[Round "3"]
[White "Garcia Cano Antonio (ESP)"]
[Black "Nevednichy Vladislav (ROM)"]
[Result "0-1"]
[WhiteElo "2211"]
[BlackElo "2470"]

1.d4 d6 2.c4 e5 3.d5 f5 4.Nc3 Nf6 5.g3 Be7 6.Bg2 O-O 7.Nf3 a5 8.O-O Na6 9.a3
Qe8 10.Rb1 Qh5 11.Bg5 Nc5 12.b4 axb4 13.axb4 Nce4 14.Nxe4 fxe4 15.Bxf6 Rxf6
16.Nd2 Rh6 17.h4 Bxh4 18.Re1 Bxg3 19.fxg3 Qh2+ 20.Kf2 Bh3 21.Rg1 Rf6+ {#R} 0-1

[Event "Ch World (juniors) (under 20)"]
[Site "Matinhos (Brazil)"]
[Round "0"]
[White "Escobedo Tinajero Alberto (MEX)"]
[Black "Spangenberg Hugo (ARG)"]
[Result "0-1"]
[WhiteElo "2325"]
[BlackElo "2530"]

1.d4 d6 2.c4 e5 3.dxe5 dxe5 4.Qxd8+ Kxd8 5.Nc3 c6 6.Bg5+ f6 7.O-O-O+ Kc7 8.Bd2
Be6 9.e4 Nd7 10.Nf3 Bc5 11.Be1 Nh6 12.h3 Nf7 13.Bd3 a6 14.b3 b5 15.cxb5 axb5
16.Kb1 Rhd8 17.Rc1 Kb7 18.Be2 Nd6 19.Nd2 Bd4 20.f3 Ra7 21.Rc2 Rda8 22.Nd1 Nc5
23.Bf2 Nxb3 24.Nxb3 Bxb3 {#R} 0-1

[Event "Oberliga North 1993/94"]
[Site "Germany"]
[Round "0"]
[White "Jordan Wolfgang (GER)"]
[Black "Sell Achim (GER)"]
[Result "0-1"]
[WhiteElo "2147"]
[BlackElo "2254"]

1.d4 d6 2.Nf3 Bg4 3.e4 Nd7 4.h3 Bxf3 5.Qxf3 c6 6.Bc4 e6 7.O-O Qb6 8.c3 Ngf6
9.Bd3 e5 10.Qe3 Be7 11.f4 O-O 12.Na3 d5 13.Kh1 exd4 14.cxd4 Bxa3 15.bxa3 dxe4
16.Rb1 Qc7 17.Bc2 Rfe8 18.f5 Nd5 19.Qg5 N7f6 20.Rb3 e3 21.Re1 Rad8 22.Qh4 Re7
23.Bxe3 Rde8 24.Bf2 Rxe1+ 25.Bxe1 Qf4 26.Rb1 Qf1+ 27.Kh2 Ne3 {#R} 0-1

[Event "Bundesliga (2nd) East 1993/94"]
[Site "Germany"]
[Round "0"]
[White "Zude Erik Dr (GER)"]
[Black "Lorenz Gerd (GER)"]
[Result "1-0"]
[WhiteElo "2394"]
[BlackElo "2292"]

1.d4 d6 2.Nc3 Nf6 3.Bg5 Nbd7 4.Nf3 c6 5.a4 e5 6.a5 h6 7.Bxf6 Qxf6 8.d5 Be7
9.g3 g5 10.Bg2 Qg6 11.h4 O-O 12.hxg5 hxg5 13.Nh2 Nf6 14.Nf1 Bd7 15.a6 bxa6
16.dxc6 Be6 17.Ne3 d5 18.Ncxd5 Nxd5 19.Nxd5 Bc5 20.Qd3 f5 21.Qc4 Bd6 22.Rxa6
Rf7 23.c7 {#r} 1-0

[Event "Ch France (accession)"]
[Site "Chambery (France)"]
[Round "8"]
[White "Heurtebize Olivier (FRA)"]
[Black "Sermier Guillaume (FRA)"]
[Result "0-1"]
[WhiteElo "2264"]
[BlackElo "2392"]

1.d4 d6 2.Nf3 Bg4 3.e3 Nf6 4.g3 Nbd7 5.Bg2 c6 6.c3 e5 7.Qb3 Qc7 8.O-O g6 9.Ng5
Nb6 10.f3 Bc8 11.a4 d5 12.e4 h6 13.dxe5 Bc5+ 14.Kh1 hxg5 15.Bxg5 Nh5 16.Bh4 g5
{#R} 0-1

[Event "Ch Hungary (juniors) (under 18)"]
[Site "Paks (Hungary)"]
[Round "0"]
[White "Barva Attila (HUN)"]
[Black "Ruck Robert (HUN)"]
[Result "0-1"]
[WhiteElo "2383"]
[BlackElo "2435"]

1.d4 d6 2.Nf3 Bg4 3.Bf4 Bxf3 4.gxf3 g6 5.c3 Nd7 6.e3 Bg7 7.Qb3 Rb8 8.Nd2 e5
9.Bg3 Nh6 10.f4 exd4 11.cxd4 O-O 12.h4 c5 13.d5 b5 14.h5 c4 15.Qc2 Nf5 16.hxg6
hxg6 17.Ne4 Qa5+ 18.Ke2 Qb4 19.Bh3 Nxg3+ 20.fxg3 Nb6 21.f5 Nxd5 22.fxg6 Rbe8
23.Bd7 Rxe4 24.Qxe4 Qxb2+ 25.Kf1 fxg6+ {#R} 0-1

[Event "Olympiad (w)"]
[Site "Moscow (Russia)"]
[Round "6"]
[White "Stefanova Antoaneta (BUL)"]
[Black "Richtrova Eliska (CZE)"]
[Result "1-0"]
[WhiteElo "2330"]
[BlackElo "2335"]

1.d4 d6 2.Bg5 g6 3.Nc3 Bg7 4.Qd2 h6 5.Bh4 c6 6.e4 Nd7 7.f4 Qa5 8.Nf3 e5 9.fxe5
dxe5 10.O-O-O exd4 11.Nxd4 Ngf6 12.Nb3 Qe5 13.Bg3 Qe6 14.Nc5 Qe7 15.Bd6 Qd8
16.e5 Ng4 17.e6 Nxc5 18.exf7+ Kxf7 19.Qf4+ Qf6 20.Bc4+ Be6 21.Qxg4 h5 22.Qe2
Qg5+ 23.Kb1 Bxc3 24.Bxc5 {#r} 1-0

[Event "Ch Croatia (w)"]
[Site "Porec (Croatia)"]
[Round "0"]
[White "Belamaric Tanja (CRO)"]
[Black "Puljek-Salai Zorica (CRO)"]
[Result "1-0"]
[WhiteElo "2103"]
[BlackElo "2250"]

1.d4 d6 2.Nf3 Bg4 3.c4 Bxf3 4.gxf3 g6 5.Bg2 c6 6.Nc3 Bg7 7.O-O Nd7 8.Re1 Ngf6
9.e4 e5 10.Be3 O-O 11.Qd2 Nh5 12.Rad1 exd4 13.Bxd4 Bxd4 14.Qxd4 Qg5 15.Ne2 Ne5
16.Kh1 Rad8 17.b3 b6 18.Qe3 Qh4 19.Kg1 f5 20.exf5 Rxf5 21.Ng3 Rg5 22.Rd4 Qxd4
23.Qxd4 Nxg3 24.fxg3 Rf5 25.f4 {#r} 1-0

[Event "It (open)"]
[Site "Aegina (Greece)"]
[Round "0"]
[White "Atalik Suat (BIH)"]
[Black "Ermenkov Evgenij (PLE)"]
[Result "1-0"]
[WhiteElo "2535"]
[BlackElo "2480"]

1.d4 d6 2.Bg5 f6 3.Bh4 e5 4.e4 exd4 5.Nf3 Qe7 6.Qxd4 Nh6 7.Bb5+ c6 8.Be2 Nf7
9.Nc3 Nd7 10.O-O-O g6 11.Nd2 Qe5 12.Nf3 Qa5 13.Kb1 Be7 14.Qd2 Qc7 15.Nd4 Nb6
16.f4 Bd7 17.a4 a6 18.Nf3 Nc8 19.Bc4 b5 20.Bxf7+ Kxf7 21.e5 Re8 22.exf6 Bxf6
23.Bxf6 Kxf6 24.Qd4+ Kf7 25.Ng5+ Kg8 26.Nce4 {#r} 1-0

[Event "It (open) "]
[Site "Mlada Boleslav (Czech Republic)"]
[Round "0"]
[White "Edzgveradze Natalia (GEO)"]
[Black "Jaracz Pawel (POL)"]
[Result "0-1"]
[WhiteElo "2307"]
[BlackElo "2415"]

1.d4 d6 2.Nf3 Bg4 3.c4 Nd7 4.d5 e5 5.dxe6 fxe6 6.Nd4 Qe7 7.Nc3 Ngf6 8.f3 Bh5
9.h4 Bf7 10.g4 g6 11.h5 gxh5 12.g5 Ng8 13.Bh3 c5 14.Ncb5 Kd8 15.Bf4 cxd4
16.Bxd6 Qxg5 17.Qxd4 Qf6 18.Qe4 Bxd6 19.Nxd6 Ke7 20.Qxb7 Nh6 21.Rd1 Rhb8
22.Qc7 Rd8 23.Nb7 Qh4+ 24.Kf1 Nf5 25.Rd3 Rac8 26.Qh2 Ng3+ 27.Kg2 Rg8 28.Rhd1
Ne5 {#R} 0-1

[Event "It"]
[Site "Karditsa (Greece)"]
[Round "0"]
[White "Mozetic Dejan (SRB)"]
[Black "Pandavos Panayotis (GRE)"]
[Result "1-0"]
[WhiteElo "2550"]
[BlackElo "2400"]

1.d4 d6 2.Nf3 Bg4 3.c4 c6 4.Nc3 Nd7 5.e4 g6 6.Be2 Bg7 7.O-O Qc7 8.Be3 e6 9.Rc1
Ne7 10.d5 exd5 11.cxd5 c5 12.Nb5 Qb8 13.Bf4 Nc8 14.b4 Bxf3 15.Bxf3 a6 16.Nxd6+
Nxd6 17.bxc5 Ne5 18.cxd6 Qxd6 19.Be3 Nd7 20.Be2 O-O 21.f4 Qa3 22.Qd2 Nf6 23.e5
Rfe8 24.Bf3 Bh6 25.Rc3 {#r} 1-0